000 03866cam a22006014i 4500
003 PE-LiUPU
005 20250731183432.0
008 140625k20032008pe i g 001 0 spa d
020 _a9972794075 (tomo 1)
020 _a9972794105 (tomo 2)
020 _a9789972794131 (tomo 3)
020 _a9789972794148 (tomo 4)
035 _a(Sirsi) i9789972794070
035 _a(Sirsi) 47110
040 _aPE-LiUPU
_bspa
_cPE-LiUPU
_erda
041 _aspa
044 _ape
082 0 4 _a720.98503
_bS194a
_223
100 1 _aSan Cristóbal-Sebastián, Antonio
_cpadre
_d1923,
_eautor.
245 1 0 _aArquitectura virreinal de Lima en la primera mitad del siglo XVII /
_cAntonio San Cristóbal.
250 _aPrimera edición.
264 1 _aLima :
_bUniversidad Nacional de Ingeniería, Facultad de Arquitectura, Urbanismo y Artes,
_c2003.
300 _a4 tomos :
_bilustraciones , fotografías;
_c31 centímetros
336 _atext
_2rdacontent
337 _aunmediated
_2rdamedia
338 _avolume
_2rdacarrier
504 _aIncluye referencias de bibliografía al pie de página.
505 0 _aTomo 1. Coro, bóvedas y portadas en la iglesia de San Agustín -- Bóvedas de crucería en Lima a principios del siglo XVII -- Algunas bóvedas de crucería en la década de 1620 -- Armaduras mudéjares en Lima durante el siglo XVII -- El carpintero mudéjar Alonso Velázquez. Tomo 2. La capilla de la inquisición -- La iglesia de monasterio de la santísima trinidad -- La iglesia de nuestra Señora de Monserrate -- Obras en la iglesia del Monasterio de Santa Catalina -- La segunda Iglesia del Monasterio de Santa Clara -- La iglesia del Monasterio de nuestra Señora del Carmen -- La iglesia de nuestra señora del Prado -- La planta de las iglesias limeñas -- Capillas con pinturas murales en Lima -- La re-conversión de la Iglesia de la Merced a principios del siglo XVII Tomo 3. Reconversión de la iglesia del convento de Santo Domingo -- Capillas y santuarios -- Las cubiertas y la medias naranjas -- Las bóvedas de medio cañón -- Portadas de las pequeñas iglesias -- Las torres conventuales de Lima -- La segunda generación de campanarios-- Tomo 4. Los claustros de los monasterios de las monjas -- El claustro del monasterio de Santa Catalina -- Los claustros de mediado del siglo XVI -- Los claustros de los grandes conventos -- Claustros con alteración de arcos en el segundo cuerpo -- Algunas pila en los claustros limeños -- Grandes aposentos en los monasterios de Lima-.
526 _aP158
526 _aP146
526 _aP17
526 _aP12
526 _aP06
650 1 8 _aArquitectura colonial
_zPerú.
650 2 8 _aArquitectura
_zPerú
_zLima
_xHistoria.
650 2 8 _aArquitectura
_zPerú
_zLima
_ySiglo XVII.
650 2 8 _aMonumentos históricos
_zPerú
_zLima.
650 2 8 _aArquitectura religiosa
_zPerú
_zLima.
700 1 _aWilliams León, Carlos
_eprol.
710 _aUniversidad Nacional de Ingeniería (Lima). Facultad de Arquitectura, Urbanismo y Artes. Instituto de Investigación
910 _adbm
910 _agl
942 _2ddc
_cBK
949 _a720.98503 S194a
_i64764
_lCCODEBUL1
_mBUL
_tLIBRO
_o.STAFF. Colección General
949 _a720.98503 S21 1
_i69857
_lCCODEBUL1
_mBUL
_tLIBRO
_o.STAFF. Colección General
949 _a720.98503 S21 2
_i69858
_lCCODEBUL1
_mBUL
_tLIBRO
_o.STAFF. Colección General
949 _a720.98503 S21 3
_i69859
_lCCODEBUL1
_mBUL
_tLIBRO
_o.STAFF. Colección General
949 _a720.98503 S21 4
_i69860
_lCCODEBUL1
_mBUL
_tLIBRO
_o.STAFF. Colección General
999 _c53469
_d53469
980 _81
_gALBERTO SANCHEZ Responsable de Automatización